[Event "Pan American-ch Hybrid U14 31st"]
[White "Medina, Joshua"]
[Black "Colodro Pacajes, Santos Mateo"]
[Site "Tornelo INT"]
[Round "6"]
[Result "0-1"]
[Date "2021.09.04"]
[WhiteElo "1321"]
[BlackElo "1182"]
[PlyCount "88"]
[EventDate "2021.09.04"]
[EventType "swiss"]
[EventRounds "9"]
[EventCountry "NET"]
[SourceTitle "EXT 2023"]
[Source "ChessBase"]
[SourceDate "2022.10.05"]
[SourceVersion "1"]
[SourceVersionDate "2022.10.05"]
[SourceQuality "1"]

1. e4 c5 2. Nf3 Nc6 3. d4 cxd4 4. Nxd4 e6 5. c4 Nf6 6. Nxc6 bxc6 7. Nc3 Be7 8. e5 Ng8 9. Qg4 g6 10. Be2 f6 11. f4 Nh6 12. Qf3 Nf5 13. Bd3 0-0 14. Bxf5 exf5 15. 0-0 Qc7 16. Nd5 cxd5 17. Qxd5+ Kh8 18. Qxa8 Bc5+ 19. Kh1 Bb7 20. Qxf8+ Bxf8 21. b3 Bc5 22. Re1 fxe5 23. Rxe5 Bd4 24. Re8+ Kg7 25. Rb1 Qa5 26. a3 Qc3 27. Bb2 Qc2 28. Bxd4+ Kf7 29. Re7+ Kxe7 30. Re1+ Kf7 31. Rg1 Qxb3 32. Bxa7 Qxc4 33. Rd1 d5 34. Bd4 Qa4 35. Rd2 Qxa3 36. Rc2 Qa5 37. h3 Qe1+ 38. Kh2 Qe4 39. Rc7+ Kg8 40. Rxb7 Qxd4 41. Rb8+ Kg7 42. Rb7+ Kh6 43. h4 Qxf4+ 44. g3 Qe4 0-1